Statistiques concernant Culture Générale - Série 1883

Cliquez ici pour prendre le quiz!

Statistiques générales

  • Ce quiz a été pris 76 fois
  • Le résultat moyen est 5 sur 10

Statistiques - réponses

QuestionRéponse% Correct
Quel animal est le "calao" ? voir photooiseau
69%
Qui a écrit le roman "L'éducation sentimentale" en 1869 ?Gustave Flaubert
67%
Dans quel département français se trouve la ville de Romans-sur-Isère ?Drôme
61%
Quelle est la langue officielle de l'Inde ?hindi
46%
Dans la mythologie grecque, quelle est la muse de la poésie lyrique et érotique ?Erato
44%
En agriculture, quel autre mot désigne le purin ?lisier
44%
Complétez le titre de la pièce de théâtre de Molière (ne concerne pas les femmes) : "L'école des ....maris
38%
Dans quel département français se trouve la commune de Neuf-Brisach ?Haut-Rhin
36%
Dans quel pays africain se trouve la vallée de l'Omo ?Ethiopie
35%
Comment appelait-on, notamment en Espagne, "La femme âgée chargée de veiller sur la conduite d'une jeune fille ou d'une jeune femme" ?duègne
31%

Distribution des résultats

Percentile par nombre de réponses

% des personnes avec chaque résultat

Votre développement - résultats

Vous n’avez pas pris ce quiz